عرض عادي عرض مارك
  • الأدب العربي

مدخل مصطلح موضوعي

عدد التسجيلات المستخدمة في: 2

001 - رقم الضبط

  • حقل الضبط: 125

003 - معرف رقم الضبط

  • حقل الضبط: OSt

005 - تاريخ ووقت أخر عملية

  • حقل الضبط: 20110607165318.0

008 - عناصر بيانات ثابتة الطول

  • حقل تحكم ثابت الطول: 110607|||a|||||| | ||| d

040 ## - مصدر الفهرسة

  • هيئة الفهرسة الأصلية: OSt
  • وكالة الكتابة: OSt

150 ## - مدخل-- مصطلح تاريخي

  • عنصر مدخل المصطلح الموضوعي او الاسم الجغرافي: الأدب العربي
  • تفريع جغرافي: مصر
  • تقسيم فرعي تاريخي: العصر الحديث

670 ## - بيانات المصدر موجوده

  • الاستشهاد بالمصدر: Work cat.: (OSt)3104: مصطفى صادق الرافعي، مصطفى صادق بن عبد الرزاق، 1356-1298 هـ. 124, وحي القلم /, 1402] 1982 أو 1403]